[Event "RUS-ch qual 57th"]
[Site "Tomsk"]
[Date "2004.05.26"]
[Round "4"]
[White "Rustemov, Alexander"]
[Black "Vorobiov, Evgeny E"]
[Result "1-0"]
[WhiteElo "2593"]
[BlackElo "2552"]
[Annotator "Ftacnik,L"]
[PlyCount "81"]
[EventDate "2004.05.23"]
[EventType "swiss"]
[EventRounds "9"]
[EventCountry "RUS"]
[SourceTitle "CBM 102"]
[Source "ChessBase"]
[SourceDate "2004.09.23"]
[SourceVersion "1"]
[SourceVersionDate "2004.09.23"]
[SourceQuality "1"]

1. d4 Nf6 2. c4 g6 3. Nc3 d5 4. Nf3 Bg7 5. e3 O-O 6. b4 b6 7. Ba3 c5 8. bxc5
bxc5 9. Rc1 cxd4 10. Nxd4 Ba6 11. Qa4 {The concentration of white pieces on
the queenside is respectable, but the drawback is serious slowdown of the
development on the other side of the board.} (11. Be2 Re8 12. cxd5 Qa5 13. Qa4
Qxa4 14. Nxa4 Bxe2 15. Kxe2 Nxd5 16. Nb5 Na6 17. Rhd1 Nb6 18. Nc5 Nxc5 19. Bxc5
Na4 20. Nc7 Nc3+ 21. Rxc3 Bxc3 22. Nxe8 Rxe8 23. Bxa7 {1-0 Drenchev,
P-Terzijski,K/Plovdiv 2003/ (39)}) 11... Bxc4 12. Bxc4 dxc4 13. Qxc4 Qd7 14.
O-O (14. Qb5 Rc8) 14... Rc8 15. Qb5 e6 (15... Qxb5 $2 16. Ncxb5 Rxc1 17. Rxc1
Na6 18. Bxe7 $16) (15... a6 $5 16. Qxd7 Nbxd7 17. Nce2 (17. Bxe7 Rxc3 18. Rxc3
Nd5 19. Rfc1 Nxe7 20. Rc7 Rd8 21. Ra7 Bxd4 22. exd4 Nf5 23. Rd1 Nc5 $15) 17...
Rxc1 18. Rxc1 e5 19. Nc6 e4 $11) 16. Rfd1 a6 17. Qa4 (17. Qe2 Qe8 18. e4 Nc6
19. Nb3 $14) 17... Qb7 18. Qb3 {Rustemov is looking for ways to control more
squares on the queenside than his opponent.} (18. Bd6 $5 Ne8 19. Bg3 Nd7 20.
Rb1 $14) 18... Qxb3 (18... Ra7 19. Nce2 Rxc1 20. Rxc1 Nbd7 21. Qc2 $14) 19.
Nxb3 Nbd7 20. Na4 Nd5 21. Kf1 (21. e4 Rxc1 22. Rxc1 Nf4 23. Rc7 Ne5 $132) 21...
Bf8 (21... f5 22. Ke2 g5 $11) 22. Bxf8 Kxf8 23. e4 N5f6 24. f3 Rab8 (24... Ke7
25. Ke2 Rab8 26. Na5 Ke8 $13) 25. Ke2 Rxc1 26. Rxc1 Rb4 27. Nb2 $1 {The
correct move supporting white's ambition to get at least slightly better
endgame.} (27. Nac5 Nxc5 28. Rxc5 Ra4 29. Rc2 e5 30. Nc5 Ra3 31. Nd3 Nd7 32. g4
g5 $11) 27... Ne8 (27... Ke7 28. Rc7 $14) 28. Rc6 Rb6 (28... a5 29. Nd3 Ra4 30.
Rc2 $14) 29. Rxb6 Nxb6 30. Nc5 Nc7 (30... a5 31. Kd3 Ke7 32. a4 $16) 31. Kd3
Ke7 32. Nc4 Nxc4 $2 {[%mdl 4096] Vorobiov must have misunderstood the position,
active white king is mortally dangerous for the a6 pawn.} (32... Nd7 $142 33.
Nxd7 Kxd7 34. f4 f6 35. g4 $14) 33. Kxc4 e5 (33... f6 34. Nb7 $1 Kd7 (34... e5
35. Kc5 Ne6+ 36. Kb6 Nf4 37. Kxa6 Nxg2 38. a4 Ne1 39. a5 Nxf3 40. Kb6 $18) 35.
Kc5 Na8 36. f4 Kc7 37. Nd6 $16) 34. Nb7 $1 f5 (34... Kd7 35. Kc5 Ne6+ 36. Kb6
Nf4 37. Nc5+ Kc8 38. g3 Ne2 39. Kxa6 $16) 35. a4 (35. Kc5 $6 fxe4 36. fxe4 Nb5
37. a4 Nc3 38. a5 Nxe4+ 39. Kb6 Nc3 40. Kxa6 e4 $13) 35... fxe4 (35... Ne6 36.
Kd5 Kf6 37. Nc5 Nf4+ 38. Kd6 Nxg2 39. Nxa6 Ne1 40. a5 Nxf3 41. Nc7 $18) 36.
fxe4 Kd7 37. Kc5 {Knight endgames are similar to pawn ones and activity of the
pieces plays an enormous role in both.} h5 (37... Ne6+ 38. Kb6 Nd4 39. Kxa6 Kc7
40. a5 Ne2 41. Nc5 Nc3 42. Nd3 Nxe4 43. Nxe5 $18) 38. Kb6 h4 39. h3 g5 40. Nc5+
Kd6 41. Nxa6 1-0

[Event "United Insurance 6th"]
[Site "Dhaka"]
[Date "2003.03.18"]
[Round "11"]
[White "Barsov, Alexei"]
[Black "Goloshchapov, Alexander"]
[Result "1-0"]
[WhiteElo "2525"]
[BlackElo "2523"]
[Annotator "Ftacnik,L"]
[PlyCount "67"]
[EventDate "2003.03.08"]
[EventType "tourn"]
[EventRounds "13"]
[EventCountry "BAN"]
[EventCategory "9"]
[SourceTitle "CBM 095"]
[Source "ChessBase"]
[SourceDate "2003.07.25"]
[SourceVersion "1"]
[SourceVersionDate "2003.07.25"]
[SourceQuality "1"]

1. d4 Nf6 2. c4 g6 3. Nc3 d5 4. Nf3 Bg7 5. e3 O-O 6. Bd2 e6 7. cxd5 {It is
rather unusual for white to clarify the situation in the center so early
without pressure from the opponent.} (7. Rc1) 7... exd5 8. Bd3 a5 (8... b6 9.
b4 Re8 10. O-O $14) 9. O-O Re8 10. Qc2 b6 (10... Nc6 11. a3 Bg4 12. Ne1 Ne7 $11
) 11. Rac1 Ba6 12. Rfd1 Bxd3 (12... c6 13. Bxa6 Nxa6 14. Na4 Rc8 $13) 13. Qxd3
c6 14. Ne5 Re6 {Goloshapov is not willing to give up control of the e4 square,
so he develops the b8 knight with the help of an unusual manouver.} (14... Nfd7
15. f4 a4 16. e4 Nf6 17. exd5 Nxd5 18. Re1 Ra7 $11) 15. Be1 Nbd7 16. f4 Qc7 (
16... Nxe5 $2 17. dxe5 $1 Nd7 18. e4 Nc5 19. Qf3 $16) 17. Bg3 Qb7 (17... Rae8
18. f5 gxf5 19. Nxf7 Nc5 20. dxc5 (20. Bxc7 Nxd3 21. Rxd3 Kxf7 22. Bxb6 Ng4 $15
) 20... Qxf7 21. cxb6 Ng4 $11) 18. f5 $1 gxf5 (18... Re7 19. e4 dxe4 20. Nxe4
Nxe4 21. Qxe4 Rc8 $14) 19. Qxf5 Nf8 (19... Rae8 20. Rf1 R8e7 21. Nf3 h6 (21...
Rxe3 22. Bf4 R3e6 23. Ng5 $16) 22. Bf4 Nf8 23. Ne5 N8d7 $14) 20. Rf1 Ne8 $6 {
The knight was sitting on a perfect square and his moving to d6 will not solve
all the problems.} (20... Rae8 21. Rf3 c5 22. Rcf1 Ng6 $11) 21. Qg4 (21. Qxf7+
Qxf7 22. Nxf7 Rxe3 23. Ne5 Bxe5 (23... Ne6 24. Nxc6 Nxd4 25. Nxd4 Bxd4 26. Bf2
Rd3 27. Bxd4 Rxd4 28. Rfd1 $16) 24. Bxe5 Nd7 25. Nd1 Re2 26. Rxc6 Nxe5 27. dxe5
Rxe5 28. Rxb6 $14) 21... Nd6 (21... f6 22. Nf3 Rxe3 23. Nh4 Re6 24. Nf5 Qd7 25.
Rce1 a4 26. Rxe6 Nxe6 27. Nxg7 N8xg7 28. Rxf6 $14) (21... Nf6 22. Qg5 Rae8 23.
Rf3 Ng6 24. Rcf1 $14) 22. Ne2 Rc8 (22... f5 23. Qf3 Ne4 24. Qxf5 Nxg3 25. Nxg3
Bxe5 26. dxe5 Qe7 27. Qg4+ Rg6 28. Qd4 $16) 23. Nf4 f5 (23... Rh6 24. Nh5 Ne6
25. Nxg7 (25. Rc2 f5 26. Qd1 Bh8 $14) 25... Nxg7 26. Qd7 f5 27. Qxb7 Nxb7 28.
Nd7 $16) 24. Qf3 Rh6 (24... Re7 25. Nxc6 $18) 25. Nh5 (25. Nxc6 $6 Rxc6 26.
Qxd5+ Nf7 27. Qxf5 $11) 25... Bh8 26. Bf4 Re6 27. g4 Ng6 (27... fxg4 28. Qxg4+
Bg7 29. Bg5 $18) 28. Kh1 $2 (28. gxf5 $1 Nxf5 29. Qg4 Rf8 30. Bg3 $16) 28... c5
$2 {The tactics proved too complicated for both players and in turn they make
serious concesions.} (28... Bxe5 $1 29. Bxe5 Nxe5 30. dxe5 Rxe5 31. Qg3 f4 $1
32. Nf6+ Kh8 33. exf4 Ne4 34. Qf3 Re7 $11) 29. gxf5 Nxf5 (29... Nxe5 30. Qg2+
Ng6 31. fxe6 $18) 30. Qh3 Rf8 (30... Nge7 31. Qg4+ Kf8 32. Ng3 Rf6 33. Bg5 $16)
31. Bh6 $1 Rxe5 (31... Nxh6 32. Qxe6+ Nf7 33. Nxf7 Rxf7 34. Qe8+ $18) 32. Bxf8
Re8 33. Qxf5 cxd4 34. Bd6 1-0

[Event "Kiev Trudova Ukraina"]
[Site "Kiev"]
[Date "2001.01.26"]
[Round "8"]
[White "Kruppa, Yuri"]
[Black "Eschenko, Vadim"]
[Result "1-0"]
[WhiteElo "2572"]
[BlackElo "2443"]
[Annotator "Ftacnik,L"]
[PlyCount "63"]
[EventDate "2001.01.19"]
[EventType "tourn"]
[EventRounds "10"]
[EventCountry "UKR"]
[EventCategory "11"]
[SourceTitle "CBM 082"]
[Source "ChessBase"]
[SourceDate "2001.05.17"]
[SourceVersion "1"]
[SourceVersionDate "2001.05.17"]
[SourceQuality "1"]

1. d4 d5 2. c4 c6 3. Nc3 Nf6 4. e3 g6 5. Nf3 Bg7 6. Be2 O-O 7. O-O Be6 8. cxd5
cxd5 9. Qb3 Qb6 10. Qa3 (10. Qxb6 axb6 11. b3 (11. Bd2 Nc6 12. Rfc1 Bf5 13. Ne5
Rfd8 14. g4 Be6 15. g5 Nd7 16. Nd3 Bf5 17. Nb5 e6 18. f4 {1/2-1/2 Skembris,
S-Kortschnoj,V/Moscow 1994/ (18)}) 11... Rc8 (11... Bg4 12. Bb2 (12. Na4 Nfd7
13. h3 Bxf3 14. Bxf3 e6 15. Bd2 Nc6 16. Be2 Na7 17. Rfc1 Rfc8 18. Kf1 Bf8 19.
b4 Rxc1+ 20. Rxc1 Rc8 21. Rxc8 Nxc8 22. Bd3 {1-0 Epishin,V-Gulko,B/Dos
Hermanas/1994/ (49)}) 12... Nc6 13. Rfc1 Rfc8 14. h3 Bxf3 15. Bxf3 e6 16. Be2
Bf8 17. Na4 {1/2-1/2 Horvath,J-Gulko,B/Manila/1992/ (17)}) 12. Bb2 Nc6 13. Na4
Nd7 14. Rfc1 h6 15. Nc3 f5 16. Ne1 Bf7 17. Nb5 Bf8 18. Nd3 e6 19. a4 Nf6 20. f3
{1/2-1/2 Gheorghiu,F-Meduna,E/Biel/1983/ (23)}) (10. Bd2 Nc6 11. Rfc1 Rfc8 (
11... Qxb3 12. axb3 Ne4 13. Be1 f5 14. b4 Rfc8 15. b5 Nd8 16. Ne5 Nf7 17. Nd3
Nfd6 18. Nf4 Nxc3 19. Bxc3 Bf7 20. Bb4 {1-0 Marin,M-Kosic,D/Eforie Nord/1988/ 
(44)}) 12. Na4 Qxb3 13. axb3 Ne4 14. Be1 Bd7 15. b4 Be8 16. b5 Nd8 17. Rxc8
Rxc8 18. Nc3 Nxc3 19. Bxc3 Ra8 20. Bb4 Bf8 21. Bc5 {1-0 Hracek,Z-Summerscale,A/
Oakham/1990/ (47)}) 10... Nc6 11. Na4 Qc7 (11... Qb4 12. Qxb4 Nxb4 13. Nc5 Bc8
14. Bd2 Nc6 15. Bb5 Ne4 16. Rfc1 Nxd2 17. Nxd2 e5 18. Nf3 exd4 19. Bxc6 bxc6
20. Nxd4 Bxd4 21. exd4 Rb8 22. b3 {1-0 Gavrilov,A-Seoev,R/Moscow/1996/ (46)})
12. Bd2 Bg4 13. Rfc1 Rfc8 14. h3 Bxf3 (14... Bd7 15. Nc5 Bf5 $11) 15. Bxf3 e6
16. Nc5 {White has a bishop pair, but in a half open position with fixed pawn
structure in the center he will not be able to gain any benefit from it.} (16.
Rc2 Ne8 17. Rac1 Nd6 18. Qd3 Nc4 19. Bc3 $14) 16... Ne8 17. Nd3 Qb6 (17... Nd6
18. b3 a5 $13) 18. Qa4 Nd6 19. Qd1 Qd8 20. Be1 (20. Rc2 Rc7) 20... Rc7 21. Rc2
Rac8 22. Rac1 Nc4 23. Nc5 Nd6 (23... N6e5 $5 24. Be2 (24. dxe5 $6 Rxc5 25. b3
Nb2 26. Qd2 Rxc2 27. Rxc2 Rxc2 28. Qxc2 Bxe5 $15) 24... Nd7 25. Nd3 Bh6 $11)
24. Be2 Nb8 (24... Qh4 25. Na6 $5 bxa6 (25... Rd7 26. Nb4 Ne7 27. Rxc8+ Nexc8
28. Nd3 $14) 26. Bxa6 Nb7 27. b3 Nbd8 28. Bxc8 Rxc8 29. Ba5 $16) 25. Kf1 Bh6 (
25... b6 26. Nd3 Rxc2 27. Rxc2 Nc6 $11) 26. Rc3 Nc4 $2 {[%mdl 64] Black was
not suspecting the devilish combination he is allowing to his opponent.} (26...
b6 $1 27. Na4 (27. Nd3 Nc4 28. Qa4 a6 $13) 27... Bg7 $11) 27. Bxc4 dxc4 28.
Rxc4 b6 29. b3 $1 Qd5 (29... bxc5 30. Ba5 Na6 31. Bxc7 Rxc7 32. dxc5 Rd7 33.
Qf3 $14) 30. Ne4 $1 Rxc4 (30... Qd8 31. Rxc7 Rxc7 32. Rxc7 Qxc7 33. d5 $16) 31.
Rxc4 Rxc4 $2 (31... Qd8 32. Qc2 Rxc4 33. Qxc4 $16) 32. Nf6+ 1-0

[Event "MK Cafe Cup-A"]
[Site "Koszalin"]
[Date "1999.08.12"]
[Round "9"]
[White "Prokopchuk, Evgeny"]
[Black "Burmakin, Vladimir"]
[Result "1-0"]
[WhiteElo "2470"]
[BlackElo "2579"]
[Annotator "Ftacnik,L"]
[PlyCount "55"]
[EventDate "1999.08.03"]
[EventType "swiss"]
[EventRounds "9"]
[EventCountry "POL"]
[SourceTitle "CBM 073"]
[Source "ChessBase"]
[SourceDate "1999.12.01"]
[SourceVersion "1"]
[SourceVersionDate "1999.12.01"]
[SourceQuality "1"]

1. e4 c6 2. d4 d5 3. exd5 cxd5 4. c4 Nf6 5. Nc3 g6 6. Nf3 Bg7 7. Be2 O-O 8. O-O
dxc4 9. Bxc4 b6 10. Re1 Ba6 {Black doesn't like the pressure that white
squared bishop is exercising on the diagonal a2-f7, but the praxis has proven
standard methods of development were just fine.} (10... Nc6 11. Bg5 Na5 12. Bd3
Bb7 13. Qe2 h6 14. Bf4 Nc6 15. Rad1 e6 16. a3 Nh5 17. Be3 Ne7 18. Ne5 Nf6 19.
Qd2 {1/2-1/2 Marjanovic,S-Dorfman,J/Sarajevo/1988/ (19)}) (10... Bb7 11. d5 (
11. a3 a6 12. Bg5 b5 13. Ba2 Nbd7 14. Qe2 e6 15. d5 exd5 16. Nxd5 h6 17. Nxf6+
Nxf6 18. Rad1 Qc8 {1/2-1/2 Remling,C-Liss,E/Biel 1994/ (43)}) 11... Nbd7 12.
Bf4 (12. Bg5 Rc8 13. Qe2 Re8 14. a3 Qc7 15. Ba2 Nc5 16. Ne5 Qb8 17. Rad1 Kf8
18. Qe3 Nce4 19. Nxg6+ hxg6 20. Nxe4 Nxe4 21. Qxe4 {1-0 Genba,V-Turov,M/St.
Petersburg 1994/ (45)}) 12... Nc5 13. Be5 Rc8 14. Qe2 Bxd5 15. Nxd5 Nxd5 16.
Bxg7 Kxg7 17. Qe5+ Nf6 18. Qxe7 Rc7 19. Qxd8 Rxd8 20. b3 Nce4 {0-1 Terekhin,
A-Turov,M/St.Petersburg/1994/ (42)}) 11. Qe2 (11. Bxa6 Nxa6 12. Qe2 Nb4 13. Bg5
$14) 11... Bxc4 12. Qxc4 e6 (12... Nbd7 13. d5 Rc8 14. Qa6 $14) 13. Bg5 Qc8 (
13... Nbd7 14. Rad1 $14) 14. Qa4 Qb7 (14... Nbd7 15. Rac1 $14) 15. Bxf6 Bxf6
16. Ne5 a6 $2 {Black neglects the development of the knight b8, Prokopchuk
will be surprisingly strong in the center.} (16... Bxe5 17. dxe5 Nd7 18. Rad1
Rfd8 19. Rd6 Nc5 20. Qh4 $14) 17. d5 $1 exd5 (17... Bxe5 18. Rxe5 Nd7 19. Re3
exd5 20. Rd1 $14) 18. Rad1 d4 (18... Rd8 19. Ng4 $1 Nd7 20. Nxd5 Bxb2 21. Re7
$16) 19. Qxd4 (19. Rxd4 $2 Bxe5 20. Rxe5 Nc6 $17) 19... Bg7 (19... Nc6 20. Qd7
$1 Qxd7 (20... Nd8 21. Qxb7 Nxb7 22. Nd7 Bxc3 23. bxc3 $16) 21. Nxd7 Bxc3 22.
bxc3 Rfd8 23. Nxb6 $16) 20. Qh4 b5 (20... Bxe5 21. Rxe5 Nc6 22. Red5 $16) (
20... Re8 21. Nd5 Bxe5 22. Rxe5 Nd7 23. Qe4 Kf8 (23... Rxe5 24. Ne7+ $18) 24.
Re7 $16) 21. Nd5 f6 (21... g5 22. Qe4 Ra7 23. Qf5 $16) 22. Nxg6 $1 {Black
queenside remains undeveloped, so the attack is iresistable.} Nc6 (22... hxg6
23. Ne7+ Kf7 24. Qg4 Qxe7 (24... Re8 25. Qe6+ Kf8 26. Nxg6#) 25. Rxe7+ Kxe7 26.
Qe4+ Kf7 27. Qd5+ Ke7 28. Re1#) 23. Nde7+ Nxe7 (23... Kf7 24. Nxf8 $18) 24.
Nxe7+ Kh8 (24... Kf7 25. Qh5#) 25. Ng6+ Kg8 26. Nxf8 Rxf8 27. Qh5 f5 28. Re8
1-0

[Event "Cologne TVm2"]
[Site "Cologne"]
[Date "1992.??.??"]
[Round "1"]
[White "Kasparov, Garry"]
[Black "Huebner, Robert"]
[Result "1/2-1/2"]
[WhiteElo "2790"]
[BlackElo "2630"]
[Annotator "Ftacnik,L"]
[PlyCount "97"]
[EventDate "1992.??.??"]
[EventType "match"]
[EventRounds "2"]
[EventCountry "GER"]
[SourceTitle "CBM 032"]
[Source "ChessBase"]
[SourceDate "1993.02.01"]
[SourceVersion "1"]
[SourceVersionDate "1993.02.01"]
[SourceQuality "1"]

1. d4 d5 2. c4 c6 3. Nc3 Nf6 4. e3 g6 5. Nf3 Bg7 6. Be2 O-O 7. O-O dxc4 8. Bxc4
Bg4 9. h3 Bxf3 10. Qxf3 Nbd7 11. Rd1 e5 12. Bb3 (12. Bd2 exd4 13. exd4 Nb6 14.
Bb3 Nfd5 15. Ne4 h6 16. Ba5 Qe7 17. a3 Rad8 18. Rac1 Rfe8 19. Nc5 Rb8 20. Qg3
Qg5 21. Qxg5 hxg5 22. g3 Re2 23. Rb1 $10 {Giffard-Belkhodja/Paris-ch/1988/}) (
12. b3 Re8 13. Ba3 Qa5 14. Bb2 e4 15. Qf4 Nb6 16. Rab1 Nbd5 17. Nxd5 cxd5 18.
Be2 Qxa2 19. Bb5 Rec8 20. f3 Rc2 21. fxe4 Rxb2 22. Rxb2 Qxb2 23. e5 $19 {
Ostergaard,J-Samaritani,F/Lyngby op/1990/}) 12... Qe7 13. e4 $146 (13. Bd2 e4 (
13... Rfd8 14. dxe5 Nxe5 15. Qe2 Nd3 16. Be1 {0,5/Popchev,M-Panbukchian,V/
BLG-ch/1992/}) 14. Qg3 Rac8 15. a3 Kh8 16. Na4 Nh5 17. Qh2 b6 18. Nc3 f5 19.
Ne2 g5 20. Rac1 a5 21. Bc4 c5 22. Ba6 Rc6 23. Bb5 $13 {Fries Nielsen,
JO-Clausen,S/Lyngby op/1990/}) 13... exd4 14. Rxd4 Nc5 (14... Ne5 15. Qe2 Rfd8
16. Be3 c5 17. Nd5 Nxd5 18. Rxd5 $14) 15. Bc2 Rfe8 (15... Nfd7 16. Rd1 Ne5 17.
Qe2 Rad8 18. Be3 $14) 16. Be3 Rad8 (16... Nfxe4 $2 17. Rxe4 Nxe4 18. Nxe4 Bxb2
19. Rb1 Bg7 20. Bc5 $16) 17. Re1 (17. Rad1 Nfd7 18. R4d2 Ne5 19. Qe2 $14) 17...
Rxd4 18. Bxd4 Nfd7 $1 (18... Rd8 19. Bxc5 Qxc5 20. e5 Nd5 21. Bb3 $14) 19. Bxg7
Kxg7 20. Qe3 Nb6 $1 21. f4 Rd8 22. b3 (22. e5 Nc4 23. Qf3 Nxb2 $36) 22... Ne6
23. e5 (23. f5 Nd4 24. Bd3 Qe5 $1) 23... Qc5 (23... Nd5 24. Nxd5 cxd5 25. f5
gxf5 26. Bxf5 $40) 24. Qxc5 Nxc5 25. Kf2 f6 $1 (25... Nd3+ 26. Bxd3 Rxd3 27.
Ne4 $14) 26. exf6+ (26. e6 $2 Rd2+ 27. Re2 Rxe2+ 28. Kxe2 Nxe6 $19) 26... Kxf6
27. g4 Nd3+ 28. Bxd3 Rxd3 29. Ne4+ Kg7 30. Nc5 $1 (30. Kg2 $6 Nd5) 30... Rxh3
31. Re7+ Kg8 (31... Kf6 32. Rxb7 Nd5 33. Ne4+ Ke6 34. Ng5+ $18) 32. Rxb7 Nd5
33. Rxa7 (33. Ne6 Rh2+ 34. Kf3 Rxa2 35. Rg7+ Kh8 36. Rd7 h5 $10) 33... Nxf4 34.
a4 Rc3 35. Ne4 Rxb3 36. Nf6+ Kf8 37. Nxh7+ Ke8 38. Nf6+ Kd8 39. a5 Ra3 40. Ne4
Kc8 41. Nc5 Nh3+ 42. Ke1 Kb8 43. Rb7+ Ka8 44. Rb6 (44. a6 Rxa6 45. Rb3 Ra1+)
44... Rxa5 45. Rxc6 Nf4 46. Kd2 Ra3 47. Rf6 Ra2+ 48. Kd1 g5 49. Ne4 1/2-1/2

[Event "Leon"]
[Site "Leon"]
[Date "1995.??.??"]
[Round "6"]
[White "Shirov, Alexei"]
[Black "Bareev, Evgeny"]
[Result "1/2-1/2"]
[WhiteElo "2710"]
[BlackElo "2675"]
[Annotator "Ftacnik,L"]
[PlyCount "81"]
[EventDate "1995.05.??"]
[EventType "tourn"]
[EventRounds "9"]
[EventCountry "ESP"]
[EventCategory "14"]
[SourceTitle "CBM 048"]
[Source "ChessBase"]
[SourceDate "1995.10.01"]
[SourceVersion "1"]
[SourceVersionDate "1995.10.01"]
[SourceQuality "1"]

1. d4 d5 2. c4 c6 3. Nc3 Nf6 4. e3 g6 5. Nf3 Bg7 6. Bd3 O-O 7. O-O Bg4 8. h3
Bxf3 9. Qxf3 dxc4 10. Bxc4 Nbd7 11. Rd1 e5 12. d5 e4 13. Nxe4 Nxe4 14. Qxe4 Nb6
15. Bb3 (15. Rb1 $5) 15... cxd5 16. Bxd5 Nxd5 17. Rxd5 Qb6 18. Qd3 (18. Rb1
Rad8 $1 (18... Rfd8 19. Bd2 Rxd5 20. Qxd5 Rd8 21. Qa5 $16) 19. Rd2 (19. Bd2 $4
Qc6 $19) 19... Qa5 $1 20. b4 Qa4 21. Qc2 (21. a3 $2 Rxd2 22. Bxd2 Qxa3 23. Qxb7
$2 Qa2 $19) 21... Qxc2 22. Rxc2 Rc8 $1 (22... Rd1+ 23. Kh2 Rfd8 24. Rb3 $16)
23. Rxc8 Rxc8 24. Bb2 Rc2 25. Bxg7 Kxg7 26. a4 $14 {Illescas Cordoba,M-Huebner,
R/Groningen/1993/0.5 (41)}) 18... Rad8 19. e4 Bd4 {[%csl Ya1,Rf2] Black hopes
to equalize due to the weakness of f2P and passivity of the Ra1.} (19... Bxb2
20. Rb1 Rxd5 21. exd5 Qd4 $14) 20. Bh6 $5 (20. Kh1 Bxf2 21. Bh6 (21. Bg5 $5)
21... Rxd5 $1 (21... Rfe8 22. Rf1 Rxd5 23. Qxd5 $1 $16) 22. exd5 Rd8 23. Rd1 (
23. Rf1 $5 Bd4 24. Qe4 f5 25. Qe2 Qd6 $14) 23... Qd6 (23... Qxb2 $2 24. d6 $16)
24. Qc3 f6 25. Rf1 Bh4 26. Qb3 $1 Bg5 $2 (26... Qd7 $2 27. Qc4 Bg5 28. d6+ Kh8
29. Bxg5 fxg5 30. Rf7 $18) (26... Rd7 27. Qc4 $16) (26... Qb6 $1 27. Qc4 Qa6 $1
28. Qf4 Bg3 29. Qxf6 Qxf6 30. Rxf6 Be5 31. Rf2 Bg7 32. Bxg7 Kxg7 $14) 27. Bxg5
fxg5 28. Qxb7 Qxd5 {Bareev,E-Kramnik,V/Novgorod/1994/1-0 (37)}) (20. Bg5) 20...
Qxb2 $1 21. Rd1 (21. Qxd4 Qxd4 22. Rxd4 Rxd4 23. Bxf8 Kxf8 $15) (21. Rf1 Rxd5
22. exd5 Rd8 $13) 21... Rxd5 22. exd5 Qxf2+ 23. Kh1 Bg7 24. Be3 (24. Bxg7 Kxg7
25. d6 Rd8 26. d7 Qxa2 $13) 24... Qg3 (24... Qxa2 25. d6 Rd8 26. d7 $36) 25.
Bxa7 (25. d6 Be5 26. Bg1 Qxd3 27. Rxd3 Rd8 28. d7 b6 $17) 25... Qxd3 26. Rxd3
Rd8 $1 {[%csl Gd5] The only problem for black can come from the mobility of
d5P.} (26... Ra8 27. Bb6 Rxa2 28. d6 $16) 27. Bb6 Rd7 28. g4 f5 $10 29. gxf5
gxf5 30. Kg2 Kf7 31. Kf3 Be5 32. a4 Kf6 33. Be3 Rc7 34. h4 Ke7 35. Rb3 (35.
Bg5+ Kd6 $15) 35... Rc3 (35... Kd6 36. Rb6+ Kxd5 $2 37. Rb5+ Ke6 38. Rxe5+ Kxe5
39. Bf4+ $18) 36. Rxc3 (36. Rxb7+ Kd6 37. Ke2 Ra3 $10) 36... Bxc3 37. Bf4 h5
38. Bg5+ Kd6 39. Kf4 Kxd5 40. Kxf5 Kc4 41. Bd8 (41. Bd8 b6 42. Bxb6 Kb4 43. a5
Kb5 44. Kg5 Be1 45. Kxh5 Bxh4 46. Kxh4 Ka6 $10) 1/2-1/2

[Event "EU-ch 2nd"]
[Site "Ohrid"]
[Date "2001.06.01"]
[Round "1"]
[White "Kempinski, Robert"]
[Black "Minasian, Ara"]
[Result "0-1"]
[WhiteElo "2582"]
[BlackElo "2478"]
[Annotator "Ftacnik,L"]
[PlyCount "100"]
[EventDate "2001.06.01"]
[EventType "swiss"]
[EventRounds "13"]
[EventCountry "YUG"]
[SourceTitle "CBM 084"]
[Source "ChessBase"]
[SourceDate "2001.09.13"]
[SourceVersion "1"]
[SourceVersionDate "2001.09.13"]
[SourceQuality "1"]

1. d4 {Hecht} d5 2. c4 c6 3. Nc3 Nf6 4. e3 g6 5. Nf3 Bg7 6. b4 O-O 7. Be2 Bg4
8. Bb2 dxc4 9. Bxc4 Nbd7 10. Be2 (10. O-O e5 11. dxe5 Bxf3 12. Qxf3 Nxe5 13.
Qe2 $11) 10... Nd5 11. Qb3 (11. Nxd5 cxd5 12. O-O $11) 11... Nxc3 12. Bxc3 (12.
Qxc3 e5 13. Nxe5 Nxe5 14. dxe5 Bxe2 15. Kxe2 Qg5 $132) 12... e5 $5 13. Nxe5
Nxe5 14. dxe5 Bxe2 15. Kxe2 Qg5 $1 {[%mdl 4] Black's compensation is real due
to the unsecure position of white's king.} 16. h4 (16. Kf1 Rad8 17. f4 Qh4 $44)
16... Qg4+ (16... Qxg2 17. Rag1 Qe4 18. f3 Qf5 19. h5 $14) 17. Kf1 Rad8 18. f3
(18. h5 Rfe8 $11) 18... Qf5 19. Qb2 Rfe8 20. f4 (20. e4 Qf4 21. Qc1 Bxe5 22.
Qxf4 Bxf4 $15) 20... Rd3 21. Kf2 (21. Bd4 f6 22. exf6 Rexe3 23. Be5 (23. fxg7
Qxf4+ 24. Kg1 Rxd4 $17) (23. Bxe3 Bxf6 24. Qe2 Bxa1 $15) (23. f7+ Qxf7 24. Bxg7
Qxg7 25. Qxg7+ Kxg7 $17) 23... Bh6 24. h5 Bxf4 25. Bxf4 Re4 $17) 21... Red8 22.
Rae1 $2 {Kempinski misses a great shot and instantly loses a spare pawn and a
queen.} (22. Qc1 R8d5 23. Rb1 a6 $15) 22... Bxe5 $1 23. Bxe5 (23. g4 Bxc3 24.
Qxc3 Qxg4 $19) 23... Rd2+ 24. Re2 (24. Qxd2 Rxd2+ 25. Re2 Rxe2+ 26. Kxe2 Qe4
$19) 24... Rxb2 25. Bxb2 h5 26. Rc1 Qg4 27. g3 (27. Bf6 Rd6 28. Be5 Rd3 $19)
27... Rd5 28. Rc4 Qh3 29. Rd4 Qh2+ 30. Kf3 (30. Kf1 Qxg3 $19) 30... Qh1+ 31.
Kf2 (31. Rg2 Rxd4 32. Bxd4 b6 33. a3 f5 $19) 31... f5 32. a3 Rxd4 33. Bxd4 {
Hecht: '[#] Bewegliche Dame mit Bauernmajorität am Damenflügel, während die
weißen Figuren nicht harmonieren.'} b6 {White has lots of weaknesses and no
counterplay, his survival prospects doesn't look good.} 34. a4 (34. Re1 Qh2+
35. Kf3 Qc2 $19) 34... Qh2+ 35. Kf3 Qg1 36. a5 Qf1+ (36... bxa5 37. bxa5 c5 38.
Be5 (38. Bxc5 Qf1+ 39. Rf2 Qd1+ 40. Kg2 Qd5+ $19) 38... c4 $19) 37. Rf2 Qh1+
38. Rg2 (38. Ke2 Qb1 39. axb6 axb6 40. Bxb6 Qa2+ 41. Ke1 Qa1+ 42. Ke2 Qa6+ $19)
38... bxa5 39. bxa5 a6 (39... c5 $19) 40. Kf2 Qb1 41. Rg1 Qa2+ 42. Kf3 (42. Kf1
c5 $19) 42... Qxa5 43. Rb1 Qd5+ 44. Kf2 c5 45. Be5 Kf7 46. Rb6 Qd2+ 47. Kf3 Qe1
48. Kg2 (48. Rf6+ Ke7 49. Rxg6 Qf1#) 48... Qe2+ 49. Kh3 Qf1+ 50. Kh2 Qf2+ (
50... Qf2+ 51. Kh3 Qg1 52. Rb2 a5 $19 (52... Ke6 $19 {Hecht})) 0-1

[Event "Belgrade GMA op"]
[Site "Belgrade"]
[Date "1988.??.??"]
[Round "?"]
[White "Legky, Nikolay A"]
[Black "Barbero, Gerardo F"]
[Result "1/2-1/2"]
[WhiteElo "2380"]
[BlackElo "2505"]
[Annotator "Ftacnik,L"]
[PlyCount "31"]
[EventDate "1988.12.??"]
[EventType "swiss"]
[EventRounds "9"]
[EventCountry "YUG"]
[SourceTitle "TD"]
[Source "ChessBase"]
[SourceDate "1994.03.01"]
[SourceVersion "1"]
[SourceVersionDate "1994.03.01"]
[SourceQuality "1"]

1. d4 d5 2. c4 c6 3. Nc3 Nf6 4. e3 g6 5. Nf3 Bg7 6. Bd3 Bg4 7. h3 Bxf3 8. Qxf3
O-O 9. O-O Qd6 10. Rd1 Nbd7 11. cxd5 cxd5 12. Bd2 e5 13. dxe5 Nxe5 14. Qe2 Nxd3
15. Qxd3 Qe5 16. Be1 (16. Be1 Rfd8 17. Qb5 Rab8 $1 18. Rd3 a6 19. Qa5 (19. Qb3
Ne4 $1) 19... Rd7 20. Rad1 Rbd8 $14 21. e4 Nxe4 22. Nxd5 Re8 $1 $10) 1/2-1/2